000 00618nam a22002057a 4500
003 DO-SdBNP
005 20220127142734.0
007 ta
008 211203b2018 dr ||||| |||| 00| 0 spa d
020 _a9789945614107
040 _aDO-SdBNP
_bspa
_cBNPHU
100 1 _a Rosario, Mary Lois,
_d1950-
_980816
245 1 0 _aDos veces marcada /
_c Mary Lois del Rosario.
260 _aSanto Domingo :
_bSantuario,
_c2018
300 _a131 p. ;
_c23 cm.
500 _aIncluye datos biográficos de la autora en la solapa de la cubierta
590 _aInventariado, 2021 /LP
910 _aLopérez.
942 _2ddc
_cLBS1
999 _c51100
_d51100